[Event "Botafogo Fexerj op"]
[Site "Botafogo"]
[Date "2015.01.23"]
[Round "1"]
[White "Felix, Caina Bittencourt D"]
[Black "Manzi, Luiz Antonio Bardao"]
[Result "0-1"]
[WhiteElo "1465"]
[BlackElo "2068"]
[PlyCount "52"]
[EventDate "2015.01.23"]
[EventType "swiss"]
[EventRounds "6"]
[EventCountry "BRA"]
[SourceTitle "CBM 164 Extra"]
[Source "ChessBase"]
[SourceDate "2015.03.02"]
[SourceVersion "1"]
[SourceVersionDate "2015.03.02"]
[SourceQuality "1"]

1. c4 Nf6 2. Nc3 e6 3. Nf3 d5 4. cxd5 exd5 5. d4 Bd6 6. g3 0-0 7. Bg2 c6 8. 0-0 Re8 9. a3 Nbd7 10. b4 Nb6 11. Bg5 h6 12. Be3 Nc4 13. Bd2 Bg4 14. Re1 a5 15. bxa5 Rxa5 16. a4 b5 17. Qc2 b4 18. Nd1 Qb6 19. Nb2 Bxf3 20. Nxc4 dxc4 21. Bxf3 c3 22. Be3 Nd5 23. Bxd5 cxd5 24. Reb1 Qc6 25. Ra2 Rea8 26. Rba1 Qc4 0-1